Cities in Michael Palin's "Around the World in 80 Days" - Statistics

General Stats
  • This quiz has been taken 51 times
  • The average score is 13 of 21
Answer Stats
Travel City % Correct
Start ๐Ÿ‡ฌ๐Ÿ‡ง London
100%
Train ๐Ÿ‡ฌ๐Ÿ‡ง London
86%
Ferry ๐Ÿ‡ฌ๐Ÿ‡ท Athens
83%
Dhow ๐Ÿ‡ฎ๐Ÿ‡ณ Bombay
83%
Ferry ๐Ÿ‡ฏ๐Ÿ‡ต Tokyo
83%
Train ๐Ÿ‡ช๐Ÿ‡ฌ Cairo
81%
Cargo ship ๐Ÿ‡ธ๐Ÿ‡ฌ Singapore
79%
Ferry ๐Ÿ‡ช๐Ÿ‡ฌ Alexandria
76%
Cargo ship ๐Ÿ‡ญ๐Ÿ‡ฐ Hong Kong
76%
Train ๐Ÿ‡ฎ๐Ÿ‡น Venice
76%
Train ๐Ÿ‡จ๐Ÿ‡ณ Shanghai
71%
Car ๐Ÿ‡ฆ๐Ÿ‡ช Dubai
69%
Train ๐Ÿ‡บ๐Ÿ‡ธ New York
69%
Ferry ๐Ÿ‡จ๐Ÿ‡ณ Guangzhou
67%
Ferry ๐Ÿ‡ธ๐Ÿ‡ฆ Jeddah
64%
Train ๐Ÿ‡บ๐Ÿ‡ธ Chicago
52%
Train ๐Ÿ‡ฎ๐Ÿ‡ณ Madras
52%
Taxi ๐Ÿ‡ช๐Ÿ‡ฌ Suez
36%
Cargo ship ๐Ÿ‡บ๐Ÿ‡ธ Long Beach
21%
Cargo ship ๐Ÿ‡ฌ๐Ÿ‡ง Felixstowe
10%
Train ๐Ÿ‡บ๐Ÿ‡ธ Glenwood Springs
7%
No matching quizzes found
Score Distribution
Percent of People with Each Score
Percentile by Number Answered
Your Score History
You have not taken this quiz